000
00307 a2200109 4500
001
ART_18736
005
20260410161920.0
008
260409a
245
1
0
_a
Impuesto a las ganancias
100
1
_a
Jarach, Dino
773
0
_t
La información
_g
- Tomo XXXVII, Nº 578 (feb. 1978)
_w
REV14902
999
_c
27591
_d
27591